000 00846nam a2200253Ia 4500
003 OSt
005 20220923214518.0
006 a|||||r|||| 00| 0
007 ta
008 220922b |||||||| |||| 00| 0 hin d
024 _a170,281
037 _cTextual
040 _aARTS
_cARTS
_bhin
041 _2hin
_ahin
082 _aO152,3N052,BA, L3
100 _aसुमंगल प्रकाश
245 0 _aबारूद और चिनगारी
246 _aBārūd aur chinagārī
260 _aनयी दिल्ली
_b भारतीय ज्ञानपीठ प्रकाशन
_c1973
300 _a367पृ.
_ccm.
650 _aहिन्दी साहित्य
_9156264
942 _hO152,3N052,BA, L3
_cTEXL
_2CC
999 _c324613
_d324613